| 000 -ლიდერი |
| ფიქსირებული სიგრძის საკონტროლო ველი |
01240nam a22001937a 4500 |
| 003 - საკონტროლო ნომრის იდენტიფიკატორი |
| საკონტროლო ველი |
Ge_BSU |
| 005 - ბოლო ოპერაციის თარიღი და დრო |
| საკონტროლო ველი |
20221122155212.0 |
| 008 - ფიქსირებული სიგრძის მონაცემთა ელემენტები - ზოგადი ინფორმაცია |
| ფიქსირებული სიგრძის საკონტროლო ველი |
221122s1982ge xxu||||| |||| 00| 0 geo d |
| 041 ## - ენის კოდი |
| Language code of text/sound track or separate title |
geo |
| 080 ## - უნივერსალური ათობითი კლასიფიკაციის ინდექსი |
| Universal Decimal Classification number |
821.112.2(436)-32 ც-53 |
| 100 ## - მთავარი ჩანაწერი - პიროვნების სახელი |
| Personal name |
ცვაიგი, შტეფან, 1881-1942, ავტორი. |
| 9 (RLIN) |
15999 |
| 245 ## - ცნობა სათაურის შესახებ |
| Title |
რჩეული თხზულებანი / |
| Statement of responsibility, etc |
შტეფან ცვაიგი ; კრებული შეადგინა, წინასიტყვ. და კომენტარები დაურთო კ. ჯორჯანელმა. |
| 264 ## - წარმოების, გამოცემის, დისტრიბუციის და სხვა ცნობები |
| გამოცემის, წარმოების, დისტრიბუციის... ადგილი |
თბილისი : |
| გამოცემის, წარმოების, დისტრიბუციის... სახელწოდება |
საბჭ. საქართველო, |
| გამოცემის, წარმოების, დისტრიბუციის... თარიღი |
1982. |
| 300 ## - ფიზიკური აღწერა |
| Extent |
964 გვ. : |
| Other physical details |
პორტრ. ; |
| Dimensions |
21 სმ. |
| 440 ## - სერიის ცნობა / დამატებულია ჩანაწერი - სათაური |
| Title |
მსოფლიო ლიტერატურის ბიბლიოთეკა ; ტ. 76 |
| 9 (RLIN) |
16000 |
| 653 ## - INDEX TERM--UNCONTROLLED |
| Uncontrolled term |
ნოველები. მწველი საიდუმლო. ზაფხულის ნოველა. შიში. ამოკით შეპყრობილი. და სხვ. |
| 700 ## - ADDED ENTRY--PERSONAL NAME |
| Personal name |
ჯორჯანელი, კ |
| Relator term |
წინასიტყვ. და კომენტარები |
| 9 (RLIN) |
16001 |
| 942 ## - ADDED ENTRY ELEMENTS (KOHA) |
| Source of classification or shelving scheme |
|
| Koha item type |
წიგნი |